[Event "Tingo Maria UNAS Semana Santa op"]
[Site "Tingo Maria"]
[Date "2012.04.07"]
[Round "7"]
[White "Vergara Pastor, Jorge Luis Braul"]
[Black "Reynoso Flores, Alfredo Williams"]
[Result "1-0"]
[WhiteElo "1712"]
[BlackElo "1747"]
[PlyCount "83"]
[EventDate "2012.04.05"]
[EventType "swiss"]
[EventRounds "9"]
[EventCountry "PER"]
[SourceTitle "EXT 2014"]
[Source "ChessBase"]
[SourceDate "2013.11.20"]
[SourceVersion "1"]
[SourceVersionDate "2013.11.20"]
[SourceQuality "1"]

1. Nf3 c5 2. Nc3 d5 3. d4 c4 4. e4 dxe4 5. Nxe4 Qd5 6. Nc5 Na6 7. Be2 e6 8. Be3 b6 9. Nxa6 Bxa6 10. 0-0 Bd6 11. Nd2 Bb7 12. Bf3 Qa5 13. Bxb7 Rb8 14. Bc6+ Kf8 15. Ne4 Bc7 16. Bd2 Qf5 17. Bb4+ Ne7 18. Nd6 Qf4 19. g3 Qg5 20. Qf3 f6 21. Rfe1 Rd8 22. Rxe6 a5 23. Ba3 Bxd6 24. Bxd6 Rxd6 25. Rxd6 Kf7 26. Bd5+ Kg6 27. h4 Qh5 28. Be4+ Nf5 29. Bxf5+ Qxf5 30. Qxf5+ Kxf5 31. Rxb6 Ke4 32. c3 Re8 33. Re1+ Kd5 34. Rxe8 g5 35. h5 h6 36. Rxf6 a4 37. a3 g4 38. Rf7 Kd6 39. Rh7 Kd5 40. Re1 Kd6 41. Rxh6+ Kd5 42. Re5# 1-0